000 00780nam a2200277 i 4500
001 000008571
003 DO-SdBNP
005 20250617140418.0
007 ta
008 090917s1969 dr 001 0 spa d
040 _aDO-SdBNP
_bspa
_cBNPHU
_erda
041 _hspa
049 _aBNPD
082 _axxx
_bM737n
_222
100 1 _aMonción, Flavio
_eautor
_922969
245 1 0 _aNociones de literatura española /
_cFlavio Monción.
264 _aSanto Domingo :
_bLa Salle,
_c1969.
300 _a139 páginas ;
_c23 cm.
336 _ardacontent
_btexto
_2txt
337 _ardamedia
_bsin mediación
_2n
338 _ardacarrier
_bvolumen
_2nc
504 _aIncluye referencias bibliográficas [p. 139]
590 _aInventariado, 2025/DG
910 _aDG
942 _2ddc
_cLBS1
999 _c8341
_d8341